|
|
|
|
| LEADER |
01064nam a2200301 a 4500 |
| 001 |
5273 |
| 003 |
BD-DhAAL |
| 005 |
20150818195039.0 |
| 008 |
150818s1997 mau 001 0 eng |
| 010 |
|
|
|a 96047896
|
| 020 |
|
|
|a 1569571244
|
| 020 |
|
|
|a 1570622124 (pbk. : alk. paper)
|
| 040 |
|
|
|a DLC
|c DLC
|d DLC
|d BD-DhAAL
|
| 050 |
0 |
0 |
|a BQ4570.M4
|b H43 1997
|
| 082 |
0 |
0 |
|a 294.3/378321
|2 21
|
| 245 |
0 |
0 |
|a Healing emotions :
|b conversations with the Dalai Lama on mindfulness, emotions, and health /
|c edited by Daniel Goleman.
|
| 250 |
|
|
|a 1st ed.
|
| 260 |
|
|
|a Boston :
|b Shambhala,
|c 1997.
|
| 300 |
|
|
|a vi, 269 p. ;
|c 22 cm.
|
| 500 |
|
|
|a Includes index.
|
| 541 |
|
|
|e 5273
|
| 650 |
|
0 |
|a Health
|x Religious aspects
|x Buddhism.
|9 13941
|
| 650 |
|
0 |
|a Buddhism
|x Psychology.
|9 13942
|
| 650 |
|
0 |
|a Buddhist ethics.
|9 13943
|
| 700 |
1 |
|
|a Goleman, Daniel.
|9 12930
|
| 942 |
|
|
|2 ddc
|c BK
|
| 999 |
|
|
|c 35283
|d 35283
|
| 952 |
|
|
|0 0
|1 0
|2 ddc
|4 0
|6 294_337832100000000_HEA
|7 0
|9 55373
|a SCL
|b SCL
|c GEN
|d 2015-08-18
|g 445.00
|l 1
|o 294.3378321 HEA
|p 3020005273
|r 2025-04-26
|s 2025-04-18
|t 1
|w 2015-08-18
|y BK
|